Countries with Exactly Two Land Borders - Statistics

General Stats
  • This quiz has been taken 20 times
  • The average score is 22 of 28
Answers on the Map
Answers color-coded by a green-red scale on the quiz's map according to % correct below.
 
Answer Stats
Answer % Correct
United States
100%
Andorra
89%
Belize
89%
Bhutan
89%
Costa Rica
89%
Nepal
89%
Uruguay
89%
Bangladesh
84%
Ecuador
84%
Liechtenstein
84%
Moldova
84%
Nicaragua
84%
Panama
84%
El Salvador
79%
Eswatini
79%
Kuwait
79%
Lebanon
79%
Sweden
79%
Tunisia
79%
Yemen
79%
Guinea-Bissau
74%
United Arab Emirates
74%
Estonia
68%
Mongolia
68%
Netherlands
68%
Sierra Leone
68%
Canada
63%
Denmark
63%
No matching quizzes found
Score Distribution
Percent of People with Each Score
Percentile by Number Answered
Your Score History
You have not taken this quiz